00570nam a22001817a 450000500170000000800410001702000180005804000210007604100080009708200150010510000280012024501140014826000420026230000100030465000150031470000330032970000260036220240916093836.0240916b |||||||| |||| 00| 0 eng d a9789355409454 aIN-DiNCcIN-DiNC deng a332.6bJAI aJaiswal, Rajesheauthor aIntroduction to investing and trading (3rd sem SEC)/cby Rajesh Jaiswal, Shankar Jyoti Doley and Papari Nayak aLudhiana:bKalyani publishers,c2024. a134p. aInvestment aDoley, Shankar Jyotieauthor aNayak, Paparieauthor